<?xml version="1.0" encoding="UTF-8"?>
<record
    xmlns:xsi="http://www.w3.org/2001/XMLSchema-instance"
    xsi:schemaLocation="http://www.loc.gov/MARC21/slim http://www.loc.gov/standards/marcxml/schema/MARC21slim.xsd"
    xmlns="http://www.loc.gov/MARC21/slim">

  <leader>01163nam0a2200301   4500</leader>
  <controlfield tag="001">RU\NLR\BIBL_A\011462795</controlfield>
  <controlfield tag="005">20250626072012.0</controlfield>
  <datafield tag="010" ind1=" " ind2=" ">
    <subfield code="a">978-5-906821-386</subfield>
    <subfield code="9">500</subfield>
  </datafield>
  <datafield tag="021" ind1=" " ind2=" ">
    <subfield code="a">RU</subfield>
    <subfield code="b">2017-51167</subfield>
    <subfield code="9">3671</subfield>
  </datafield>
  <datafield tag="035" ind1=" " ind2=" ">
    <subfield code="a">(RuMoRGB)008934012</subfield>
  </datafield>
  <datafield tag="035" ind1=" " ind2=" ">
    <subfield code="a">(NLR Aleph) 011462795</subfield>
  </datafield>
  <datafield tag="090" ind1=" " ind2=" ">
    <subfield code="a">11811433</subfield>
    <subfield code="c">11811433</subfield>
  </datafield>
  <datafield tag="100" ind1=" " ind2=" ">
    <subfield code="a">20170825d2015    |||y0rusy50      ca</subfield>
  </datafield>
  <datafield tag="101" ind1="0" ind2=" ">
    <subfield code="a">ukr</subfield>
  </datafield>
  <datafield tag="102" ind1=" " ind2=" ">
    <subfield code="a">RU</subfield>
  </datafield>
  <datafield tag="105" ind1=" " ind2=" ">
    <subfield code="a">y   j    00zy</subfield>
  </datafield>
  <datafield tag="200" ind1="1" ind2=" ">
    <subfield code="a">&#x41E;&#x441;&#x43D;&#x43E;&#x432;&#x438; &#x442;&#x435;&#x440;&#x43C;i&#x43D;&#x43E;&#x437;&#x43D;&#x430;&#x432;&#x441;&#x442;&#x432;&#x430;</subfield>
    <subfield code="e">&#x43D;&#x430;&#x432;&#x447;&#x430;&#x43B;&#x44C;&#x43D;&#x438;&#x439; &#x43F;&#x43E;&#x441;&#x456;&#x431;&#x43D;&#x438;&#x43A;</subfield>
    <subfield code="f">&#x41D;. &#x424;. &#x413;&#x440;&#x43E;&#x437;&#x44F;&#x43D;, &#x41C;. I. &#x41D;&#x430;&#x432;&#x430;&#x43B;&#x44C;&#x43D;&#x430;</subfield>
  </datafield>
  <datafield tag="210" ind1=" " ind2=" ">
    <subfield code="a">&#x421;i&#x43C;&#x444;&#x435;&#x440;&#x43E;&#x43F;&#x43E;&#x43B;&#x44C;</subfield>
    <subfield code="c">"&#x414;&#x438;&#x430;&#x439;&#x43F;&#x438;"</subfield>
    <subfield code="d">2015</subfield>
  </datafield>
  <datafield tag="215" ind1=" " ind2=" ">
    <subfield code="a">119 &#x441;.</subfield>
    <subfield code="d">20</subfield>
  </datafield>
  <datafield tag="320" ind1=" " ind2=" ">
    <subfield code="a">&#x411;&#x438;&#x431;&#x43B;&#x438;&#x43E;&#x433;&#x440;.: &#x441;. 114-119</subfield>
  </datafield>
  <datafield tag="606" ind1="1" ind2=" ">
    <subfield code="a">&#x423;&#x43A;&#x440;&#x430;&#x438;&#x43D;&#x441;&#x43A;&#x438;&#x439; &#x44F;&#x437;&#x44B;&#x43A;</subfield>
    <subfield code="j">&#x423;&#x447;&#x435;&#x431;&#x43D;&#x44B;&#x435; &#x438;&#x437;&#x434;&#x430;&#x43D;&#x438;&#x44F; &#x434;&#x43B;&#x44F; &#x432;&#x44B;&#x441;&#x448;&#x438;&#x445; &#x443;&#x447;&#x435;&#x431;&#x43D;&#x44B;&#x445; &#x437;&#x430;&#x432;&#x435;&#x434;&#x435;&#x43D;&#x438;&#x439;</subfield>
    <subfield code="x">&#x422;&#x435;&#x440;&#x43C;&#x438;&#x43D;&#x43E;&#x43B;&#x43E;&#x433;&#x438;&#x44F;</subfield>
    <subfield code="9">1864018</subfield>
    <subfield code="3">RU\NLR\AUTH\661136612</subfield>
  </datafield>
  <datafield tag="686" ind1="1" ind2=" ">
    <subfield code="a">&#x428;141.14-93&#x440;&#x443;&#x441;3-34</subfield>
  </datafield>
  <datafield tag="700" ind1=" " ind2="1">
    <subfield code="a">&#x413;&#x440;&#x43E;&#x437;&#x44F;&#x43D;</subfield>
    <subfield code="b">&#x41D;. &#x424;.</subfield>
    <subfield code="g">&#x41D;i&#x43D;&#x430; &#x424;&#x435;&#x434;&#x43E;&#x440;i&#x432;&#x43D;&#x430;</subfield>
  </datafield>
  <datafield tag="701" ind1=" " ind2="1">
    <subfield code="a">&#x41D;&#x430;&#x432;&#x430;&#x43B;&#x44C;&#x43D;&#x430;</subfield>
    <subfield code="b">&#x41C;. I.</subfield>
    <subfield code="g">&#x41C;&#x430;&#x440;&#x438;&#x43D;&#x430; I&#x432;&#x430;&#x43D;i&#x432;&#x43D;&#x430;</subfield>
  </datafield>
  <datafield tag="942" ind1=" " ind2=" ">
    <subfield code="c">BOOK</subfield>
  </datafield>
  <datafield tag="980" ind1=" " ind2=" ">
    <subfield code="a">NB</subfield>
  </datafield>
  <datafield tag="995" ind1=" " ind2=" ">
    <subfield code="5">2017-08-25</subfield>
    <subfield code="a">ad</subfield>
    <subfield code="b">NLR01</subfield>
    <subfield code="c">NLR01</subfield>
    <subfield code="e">RF31</subfield>
    <subfield code="f">1-1970641</subfield>
    <subfield code="k">2017-3/23971</subfield>
    <subfield code="o">0</subfield>
    <subfield code="r">BOOK</subfield>
    <subfield code="s">2017323971_</subfield>
  </datafield>
</record>
